| 000 | 01446cam a22003854a 4500 | ||
|---|---|---|---|
| 001 | 12761535 | ||
| 003 | OSt | ||
| 005 | 20150827092746.0 | ||
| 008 | 020501s2003 maua 001 0 eng | ||
| 010 | _a 2002070972 | ||
| 020 | _a007124087 | ||
| 040 |
_aDLC _cDLC _dDLC |
||
| 042 | _apcc | ||
| 050 | 0 | 0 |
_aTA 330 _b.M662 2003 |
| 082 | 0 | 0 |
_aM 519.5 _bM64 2003 |
| 100 | 1 |
_aMilton, J. Susan _q(Janet Susan) |
|
| 245 | 1 | 0 |
_aIntroduction to probability and statistics : _bprinciples and applications for engineering and the computing sciences / _cMilton, J. Susan |
| 250 | _a4th edition. | ||
| 260 |
_aBoston : _bMcGraw-Hill, _c2003. |
||
| 300 |
_axvii, 798 pages : _billustrations ; _c25 cm. |
||
| 500 | _aIncludes index. | ||
| 526 | _c0L to 1700L | ||
| 562 | _efor circulation. 1 copy available in the collection | ||
| 650 | 0 | _aEngineering mathematics. | |
| 650 | 0 |
_aComputer science _xMathematics. |
|
| 650 | 0 | _aProbabilities. | |
| 650 | 0 | _aStatistics. | |
| 700 | 1 | _aArnold, Jesse C. | |
| 856 | 4 | 2 |
_3Publisher description _uhttp://www.loc.gov/catdir/description/mh024/2002070972.html |
| 856 | 4 | 1 |
_3Table of contents _uhttp://www.loc.gov/catdir/toc/mh023/2002070972.html |
| 906 |
_a7 _bcbc _corignew _d1 _eocip _f20 _gy-gencatlg |
||
| 942 |
_2lcc _cBK |
||
| 999 |
_c15227 _d15227 |
||